IFL Football Teams Quiz - Statistics

General Stats
  • This quiz has been taken 31 times
  • The average score is 9 of 14
Answer Stats
Western Conference % Correct
Arizona Rattlers
80%
Massachusetts Pirates
80%
Tulsa Oilers
80%
Green Bay Blizzard
70%
Iowa Barnstormers
70%
Jacksonville Sharks
70%
San Diego Strike Force
70%
Bay Area Panthers
60%
Quad City Steamwheelers
60%
San Antonio Gunslingers
60%
Vegas Knight Hawks
60%
Fishers Freight
50%
Northern Arizona Wranglers
50%
Tucson Sugar Skulls
50%
No matching quizzes found
Score Distribution
Percent of People with Each Score
Percentile by Number Answered
Your Score History
You have not taken this quiz